| 000 | 01259pam a2200361 a 4500 | ||
|---|---|---|---|
| 005 | 20260322212048.0 | ||
| 008 | data | ||
| 010 | _a 86013286 | ||
| 020 | _a0531102262 | ||
| 020 | _a9780531102268 | ||
| 040 |
_aDLC _cDLC _dDLC |
||
| 042 | _alcac | ||
| 050 | 0 | 0 |
_aNC850 _b.B65 1986 |
| 082 | 0 | 0 |
_a741.2 _219 |
| 092 | _a741.2 B65 1986 | ||
| 100 | 1 | _aBolognese, Don. | |
| 245 | 1 | 0 |
_aCharcoal & pastel / _cDon Bolognese & Elaine Raphael. |
| 246 | _aCharcoal and pastel | ||
| 260 |
_aNew York : _bF. Watts, _c1986. |
||
| 300 |
_a64 p. : _bill. ; _c26 cm. |
||
| 440 | 4 | _aThe Illustrator's library | |
| 500 | _aSpine title: Charcoal and pastel. | ||
| 500 | _aIncludes index. | ||
| 520 | _aOffers instructions in drawing with charcoal and pastel, explaining the importance of texture, line, motion, shapes, and patterns. Also discusses various types of papers, crayons, chalks, and other supplies. | ||
| 650 | 0 |
_aCharcoal drawing _xJuvenile literature. _xJuvenile literature. |
|
| 650 | 0 |
_aPastel drawing _xJuvenile literature. _xJuvenile literature. |
|
| 650 | 1 |
_aCharcoal drawing _xTechnique. |
|
| 650 | 1 |
_aPastel drawing _xTechnique. |
|
| 650 | 1 |
_aDrawing _xTechnique. |
|
| 700 | 1 | _aRaphael, Elaine. | |
| 740 | 0 | _aCharcoal and pastel. | |
| 001 | data | ||
| 999 |
_c1133 _d1133 |
||